| 000 | 00763cam a2200217 a 4500 | ||
|---|---|---|---|
| 001 | 000008236 | ||
| 005 | 20200929161322.0 | ||
| 008 | 981002s1998 ck b f000 e spa | ||
| 020 | _z9588052041 | ||
| 040 |
_aDO-SdBNP _cDLC _dDLC |
||
| 082 |
_aCo864.44 _bA179e |
||
| 100 | 1 |
_aAchury Valenzuela, Darío. _922340 |
|
| 245 | 1 | 0 |
_aEnsayos, glosas y otras erudiciones / _cDarío Achury Valenzuela; prólogo de Óscar Torres Duque. |
| 260 |
_a[Bogotá, Colombia] : _bMinisterio de Cultura, _c1998. |
||
| 300 |
_a245 p. ; _c21 cm. |
||
| 504 | _aIncluye referencias bibliográficas (p. 22-24). | ||
| 650 | 4 |
_aEnsayos colombiano _98114 |
|
| 650 | 4 |
_aLiteratura colombiana _91244 |
|
| 700 | 1 |
_aTorres Duque, Darío, _eprol. _922341 |
|
| 910 | _aCatalogación por copia / LC | ||
| 999 |
_c8007 _d8007 |
||